Score 0/55 Timer 10:00
0 Plays Today
Continent Country % Correct
EuropeUK
96.4%
AsiaIndia
91.1%
OceaniaAustralia
89.3%
EuropeIreland
89.3%
OceaniaNew Zealand
89.3%
AfricaSouth Africa
85.7%
AsiaPakistan
83.9%
AsiaJapan
82.1%
North AmericaJamaica
80.4%
EuropeMalta
80.4%
North AmericaSaint Kitts and Nevis
80.4%
AfricaZimbabwe
80.4%
North AmericaAntigua and Barbuda
78.6%
North AmericaThe Bahamas
78.6%
AsiaBangladesh
78.6%
North AmericaBarbados
78.6%
AsiaIndonesia
78.6%
AfricaZambia
78.6%
South AmericaGuyana
75%
AfricaLesotho
75%
North AmericaSaint Lucia
75%
AfricaUganda
75%
AfricaKenya
73.2%
North AmericaSaint Vincent and the Grenadines
73.2%
North AmericaTrinidad and Tobago
73.2%
North AmericaDominica
71.4%
OceaniaFiji
71.4%
North AmericaGrenada
71.4%
Continent Country % Correct
AsiaHong Kong (China)
69.6%
AsiaMacau (China)
69.6%
OceaniaKiribati
69.6%
South AmericaSuriname
69.6%
AsiaThailand
69.6%
AsiaMalaysia
67.9%
AfricaNamibia
67.9%
OceaniaNauru
67.9%
AsiaNepal
67.9%
AsiaSingapore
67.9%
OceaniaSolomon Islands
67.9%
AsiaSri Lanka
67.9%
AfricaSwaziland
67.9%
EuropeCyprus
66.1%
AsiaMaldives
66.1%
AfricaTanzania
66.1%
OceaniaTonga
66.1%
OceaniaTuvalu
64.3%
AsiaBhutan
62.5%
AfricaBotswana
62.5%
OceaniaPapua New Guinea
62.5%
AfricaMozambique
60.7%
AfricaSeychelles
57.1%
AsiaBrunei
55.4%
AsiaTimor-Leste
55.4%
AfricaMalawi
55.4%
AfricaMauritius
51.8%
Remove Ads.
Support Sporcle.
Get the best of Sporcle when you Go Orange. This ad-free experience offers more features, more stats, and more fun while also helping to support Sporcle. Thank you for becoming a member.

You're not logged in!

Compare scores with friends on all Sporcle quizzes.
OR
Log In

Show Comments

Extras

Top Quizzes Today


Score Distribution

Your Account Isn't Verified!

In order to create a playlist on Sporcle, you need to verify the email address you used during registration. Go to your Sporcle Settings to finish the process.

Report this User

Report this user for behavior that violates our Community Guidelines.

Details: